Domino addition / (Record no. 9225)

MARC details
000 -LEADER
fixed length control field 00753nam a22002657a 4500
001 - CONTROL NUMBER
control field 9225
003 - CONTROL NUMBER IDENTIFIER
control field FISKH
005 - DATE AND TIME OF LATEST TRANSACTION
control field 20251203124528.0
008 - FIXED-LENGTH DATA ELEMENTS--GENERAL INFORMATION
fixed length control field 251203b cb ||||| |||| 00| 0 eng d
020 ## - INTERNATIONAL STANDARD BOOK NUMBER
International Standard Book Number 9780590330275
040 ## - CATALOGING SOURCE
Original cataloging agency FISKH
Language of cataloging eng
Transcribing agency FISKH
Modifying agency FISKH
050 ## - LIBRARY OF CONGRESS CALL NUMBER
Classification number QA115 .L72
082 ## - DEWEY DECIMAL CLASSIFICATION NUMBER
Classification number 513.211
100 ## - MAIN ENTRY--PERSONAL NAME
Personal name Long, Lynette
Relator term Author
245 ## - TITLE STATEMENT
Title Domino addition /
Statement of responsibility, etc. by Dr. Lynette Long
260 ## - PUBLICATION, DISTRIBUTION, ETC.
Place of publication, distribution, etc. New York :
Name of publisher, distributor, etc. Scholastic Inc. ,
Date of publication, distribution, etc. 1996
300 ## - PHYSICAL DESCRIPTION
Extent 27 unnumbered pages :
Other physical details color illustrations ;
Dimensions 22 x 28 cm
505 ## - FORMATTED CONTENTS NOTE
Formatted contents note P<br/>
520 ## - SUMMARY, ETC.
Summary, etc. Explains basic addition through the use of dominoes.
521 8# - TARGET AUDIENCE NOTE
Target audience note 660<br/>
Source Lexile<br/><br/>
521 8# - TARGET AUDIENCE NOTE
Target audience note P<br/>
Source Raz-Plus<br/>
650 ## - SUBJECT ADDED ENTRY--TOPICAL TERM
Topical term or geographic name entry element Math concepts
Form subdivision Addition
942 ## - ADDED ENTRY ELEMENTS (KOHA)
Source of classification or shelving scheme Dewey Decimal Classification
Koha item type Books
Suppress in OPAC No
Holdings
Withdrawn status Lost status Source of classification or shelving scheme Damaged status Not for loan Collection Home library Current library Shelving location Date acquired Total Checkouts Full call number Barcode Date last seen Copy number Price effective from Koha item type
    Dewey Decimal Classification     Non-Fiction Footprints International School Library Network Toul Tom Poung Campus Footprints International School Library Network Toul Tom Poung Campus TTP Primary Orange Bookshelves 12/03/2025   LON 513.211 QA115 .L72 FIS02105 12/03/2025 1 12/03/2025 Books